Statystyki dla Przyłącz stolicę do losowego państwa Europy

Kliknij tutaj aby rozwiązać quiz!

Ogólne statystyki

  • Ten quiz został rozwiązany 22 782 razy
  • Średni wynik to 12 z 15

Statystyki odpowiedzi

KrajMiasto% Poprawnych
PolskaWarszawa
97%
NiemcyBerlin
96%
FrancjaParyż
96%
Wielka BrytaniaLondyn
95%
RosjaMoskwa
95%
WłochyRzym
95%
WatykanWatykan
95%
GrecjaAteny
94%
UkrainaKijów
94%
HiszpaniaMadryt
94%
CzechyPraga
94%
NorwegiaOslo
93%
San MarinoSan Marino
92%
DaniaKopenhaga
91%
MonakoMonako
91%
HolandiaAmsterdam
90%
PortugaliaLizbona
90%
LuksemburgLuksemburg
90%
AustriaWiedeń
90%
AndoraAndora
87%
IrlandiaDublin
87%
BiałoruśMińsk
87%
BelgiaBruksela
86%
WęgryBudapeszt
86%
FinlandiaHelsinki
86%
SzwecjaSztokholm
86%
LitwaWilno
86%
ChorwacjaZagrzeb
84%
SłowacjaBratysława
83%
ŁotwaRyga
83%
BułgariaSofia
80%
SzwajcariaBerno
78%
RumuniaBukareszt
78%
EstoniaTallinn
78%
IslandiaReykjavík
70%
AlbaniaTirana
69%
SerbiaBelgrad
67%
Bośnia i HercegowinaSarajewo
66%
MołdawiaKiszyniów
65%
MaltaValletta
65%
LiechtensteinVaduz
63%
SłoweniaLublana
61%
Macedonia PółnocnaSkopje
58%
KosowoPrisztina
56%
CzarnogóraPodgorica
55%

Rozkład punktacji

Percentyl według liczby udzielonych odpowiedzi

Procent ludzi z każdym wynikiem

Twoja historia wyników

Nie rozwiązałeś tego quizu